Introduction to marketing / (Record no. 934)
[ view plain ]
| 000 -LEADER | |
|---|---|
| fixed length control field | 00788nam a22002057a 4500 |
| 008 - FIXED-LENGTH DATA ELEMENTS--GENERAL INFORMATION | |
| fixed length control field | 120521t xxu||||| |||| 00| 0 eng d |
| 020 ## - INTERNATIONAL STANDARD BOOK NUMBER | |
| International Standard Book Number | 0324323808 |
| 050 ## - LIBRARY OF CONGRESS CALL NUMBER | |
| Classification number | HF5415.M14 |
| 100 ## - MAIN ENTRY--PERSONAL NAME | |
| Personal name | McDaniel, Carl |
| 245 ## - TITLE STATEMENT | |
| Title | Introduction to marketing / |
| Statement of responsibility, etc. | Carl McDaniel, Charles W Lamb, and Joseph F. Hair, Jr. |
| 250 ## - EDITION STATEMENT | |
| Edition statement | 8th ed. |
| 260 ## - PUBLICATION, DISTRIBUTION, ETC. | |
| Place of publication, distribution, etc. | Australia: |
| Name of publisher, distributor, etc. | Thomson, |
| Date of publication, distribution, etc. | c2006. |
| 300 ## - PHYSICAL DESCRIPTION | |
| Extent | xxv,730 p.: |
| Other physical details | ill(some col.); |
| Dimensions | 27cm. |
| 500 ## - GENERAL NOTE | |
| General note | Includes index |
| 505 ## - FORMATTED CONTENTS NOTE | |
| Formatted contents note | Contents: The World of marketing -- Analyzing market opportunities -- Product decisions -- Distribution decisions -- Promotion decisions -- Pricing decisions -- Technology-driven marketing -- Glossary -- Endnotes. |
| 650 ## - SUBJECT ADDED ENTRY--TOPICAL TERM | |
| Topical term following geographic name entry element | Marketing. |
| 700 ## - ADDED ENTRY--PERSONAL NAME | |
| Personal name | Lamb, Charles W. |
| 700 ## - ADDED ENTRY--PERSONAL NAME | |
| Personal name | Hair, Joseph F. |
| 942 ## - ADDED ENTRY ELEMENTS (KOHA) | |
| Source of classification or shelving scheme | Library of Congress Classification |
| Koha item type | Books |
| Withdrawn status | Lost status | Source of classification or shelving scheme | Damaged status | Not for loan | Home library | Current library | Shelving location | Date acquired | Total Checkouts | Full call number | Barcode | Date last seen | Copy number | Price effective from | Koha item type |
|---|---|---|---|---|---|---|---|---|---|---|---|---|---|---|---|
| Library of Congress Classification | WISCONSIN INTERNATIONAL UNIVERSITY COLLEGE, GHANA - MAIN LIBRARY | WISCONSIN INTERNATIONAL UNIVERSITY COLLEGE, GHANA - MAIN LIBRARY | General Stacks | 21/05/2012 | HF5415.M14 | 2251/12 | 21/05/2012 | 1 | 21/05/2012 | Books | |||||
| Library of Congress Classification | WISCONSIN INTERNATIONAL UNIVERSITY COLLEGE, GHANA - MAIN LIBRARY | WISCONSIN INTERNATIONAL UNIVERSITY COLLEGE, GHANA - MAIN LIBRARY | General Stacks | 21/05/2012 | HF5415.M141 | 2252/12 | 21/05/2012 | 2 | 21/05/2012 | Books |
